NCAA Division I Eagles - Statistics

General Stats
  • This quiz has been taken 27 times
  • The average score is 7 of 15
Answer Stats
Answer % Correct
Boston College
88%
American
69%
Eastern Michigan
56%
Southern Miss
56%
Georgia Southern
50%
Marquette
50%
Niagara
50%
Coppin State
44%
Eastern Washington
44%
Florida Gulf Coast
38%
Oral Roberts
38%
North Carolina Central
31%
Tennessee Tech
31%
Morehead State
25%
Winthrop
25%
No matching quizzes found
Score Distribution
Percent of People with Each Score
Percentile by Number Answered
Your Score History
You have not taken this quiz